Proceedings of the 1981 : International deepwater rice workshop

Сохранить в:
Библиографические подробности
Формат:
Язык:Undetermined
Опубликовано: Manila International Rice Research Insttitute 1982
Предметы:
Метки: Добавить метку
Нет меток, Требуется 1-ая метка записи!
Thư viện lưu trữ: Trung tâm Học liệu Trường Đại học Cần Thơ
LEADER 00478nam a2200169Ia 4500
001 CTU_8003
008 210402s9999 xx 000 0 und d
082 |a 633.180715 
082 |b P963 
245 0 |a Proceedings of the 1981 : 
245 0 |b International deepwater rice workshop 
260 |a Manila 
260 |b International Rice Research Insttitute 
260 |c 1982 
650 |a Deepwater rice 
904 |i Hieu 
980 |a Trung tâm Học liệu Trường Đại học Cần Thơ